LIBRARY & INFORMATION CENTRE, KCAET, TAVANUR

ONLINE PUBLIC ACCESS CATALOGUE (OPAC)

Numerical problems in agricultural engineering (Record no. 14798)

MARC details
000 -LEADER
fixed length control field 00390nam a22001577a 4500
020 ## - INTERNATIONAL STANDARD BOOK NUMBER
ISBN 9788183600828
082 ## - DEWEY DECIMAL CLASSIFICATION NUMBER
Classification number 630.1076
Item number NIK/NU
100 ## - MAIN ENTRY--AUTHOR NAME
Personal name Nikhade, J.S
245 ## - TITLE STATEMENT
Title Numerical problems in agricultural engineering
250 ## - EDITION STATEMENT
Edition statement 3rd
260 ## - PUBLICATION, DISTRIBUTION, ETC. (IMPRINT)
Place of publication New Delhi
Name of publisher Jain Borthers
Year of publication 2016
300 ## - PHYSICAL DESCRIPTION
Number of Pages 351p
700 ## - ADDED ENTRY--PERSONAL NAME
Personal name Rawat, S N
700 ## - ADDED ENTRY--PERSONAL NAME
Personal name Victor, V M
942 ## - ADDED ENTRY ELEMENTS (KOHA)
Koha item type Books
Holdings
Withdrawn status Lost status Damaged status Home library Current library Shelving location Date acquired Cost, normal purchase price Full call number Accession Number Koha item type Collection code Source of acquisition
      KAUAET KAUAET Scheme 28/03/2017 225.00 630.1076 NIK/NU BB 423 Book Bank scheme for SC students    
      KAUAET KAUAET Scheme 28/03/2017 225.00 630.1076 NIK/NU BB 424 Book Bank scheme for SC students    
      KAUAET KAUAET General Stacks 24/03/2017 225.00 630.1076 NIK/NU 25193 Books   Penta Book Distributors
      KAUAET KAUAET General Stacks 24/03/2017 225.00 630.1076 NIK/NU 25194 Books   Penta Book Distributors
      KAUAET KAUAET General Stacks 24/03/2017 225.00 630.1076 NIK/NU 25195 Books   Penta Book Distributors
      KAUAET KAUAET General Stacks 24/03/2017 225.00 630.1076 NIK/NU 25196 Books   Penta Book Distributors
      KAUAET KAUAET General Stacks 24/03/2017 225.00 630.1076 NIK/NU 25197 Books   Penta Book Distributors
      KAUAET KAUAET General Stacks 30/03/2017 225.00 630.1076 NIK/NU 25368 Books   Vigyan Books, Delhi
      KAUAET KAUAET General Stacks 30/03/2017 225.00 630.1076 NIK/NU 25369 Books   Vigyan Books, Delhi
      KAUAET KAUAET General Stacks 30/03/2017 225.00 630.1076 NIK/NU 25370 Books   Vigyan Books, Delhi
      KAUAET KAUAET General Stacks 30/03/2017 225.00 630.1076 NIK/NU 25371 Books   Vigyan Books, Delhi
      KAUAET KAUAET General Stacks 30/03/2017 225.00 630.1076 NIK/NU 25372 Books   Vigyan Books, Delhi
free website counter